000 01200nam0a22002531 4500
001 rc\2322747
005 20260407012831.0
035 _a(NLR Aleph) 006471207
090 _a5937075
_c5937075
100 _a20110829d1977 |||y0rusy50 ca
101 0 _arus
102 _aRU
105 _aa z |||||
200 1 _aМетод семейного анамнеза в практике терапевта
_eМетод. рекомендации для врачей
_fГл. упр. здравоохранения Ленгорисполкома. Гор. дом сан. просвещения
210 _aЛенинград
_cБ. и.
_d1977
215 _a1 л. слож. в [8] с.
_cил.
_d20
300 _aВ конце текста сост.: С.К. Клюева, д. м. н.
702 1 _4220
_aКлюева
_bС. К.
_cд-р мед. наук, генетик
_f1931-2005
_gСветлана Климентьевна
_9211916
_3RU\NLR\AUTH\770211972
712 0 2 _aЛенинградский городской дом санитарного просвещения
_3RU\NLR\AUTH\8810000733
_9498641
801 0 _aRU
_bNLR
_gpsbo
801 1 _aRU
_bELAR
_2rusmarc
852 _aNLR
_j78-4/15045
942 _cBOOK
980 _aNB